The blind watchmaker

Αποθηκεύτηκε σε:
Λεπτομέρειες βιβλιογραφικής εγγραφής
Κύριος συγγραφέας: Dawkins, Richard, 1941-
Μορφή: Βιβλίο
Γλώσσα:English
Δημοσίευση: London : Penguin Books, 2000.
Θέματα:
Ετικέτες: Προσθήκη ετικέτας
Δεν υπάρχουν, Καταχωρήστε ετικέτα πρώτοι!

MARC

LEADER 00000cam a2200000 i 4500
001 1/14155
008 001204s2000 enk| ||| |||| ||eng||
020 |a 0140291229 
035 |l 10064895 
040 |a GR-MyUa  |b gre  |e AACR2 
041 0 |a eng 
082 7 |a 576.82   |2 (22) 
100 1 |a Dawkins, Richard,   |d 1941- 
245 1 4 |a The blind watchmaker /   |c Richard Dawkins.  
260 |a London :   |b Penguin Books,   |c 2000.  
300 |a 419 σ. ;   |c 18 εκ. 
504 |a Βιβλιογραφία: σ. [403]-409. Ευρετήριο.  
650 0 |a Evolution (Biology) 
650 0 |a Natural selection. 
767 0 8 |i Μεταφρασμένο ως:  |t Ο τυφλός ωρολογοποιός /  
852 |a INST  |b SYROS  |e 20001204  |h 576.82 DAW  |p 005500002305  |q 005500002305  |t BK  |y 0 
901 |a BIBL5-2000-3 
922 |a 5ΕΛΗ  |b 200010  |c Βιβλιοθήκη  |d Μιχαλόπουλος 
950 |a 183-2000-09-11 
970 |a Πουρνάρας  |b Δημήτρης  |z 15/12/2000